000
00283nam a2200121Ia 4500
008
220204s9999 xx 000 0 und d
082
_a
547.97
_b
ISL
245
0
_a
Carotenoids
260
_a
Stuttgart
_b
Birkhauser
_c
1971
650
_a
Carotenoids
700
_a
Isler, Otto
942
_c
BK
999
_c
30870
_d
30870